Principles of behavior change : understanding behavior modification techniques /

This book is divided into six parts: Overview and Basic Issues; Methods of Changing Operant Behavior; Methods of Changing Emotional Behavior and Associations; Program Design and Evaluation; Advanced and Specialized Methods in Behavior Modification; Present and Future Issues for Behavior Modification...

ver descrição completa

Na minha lista:
Detalhes bibliográficos
Autor principal: Sarafino, Edward P., 1940-
Formato: Livro
Idioma:English
Publicado em: New York : John Wiley and Sons, 1996.
Assuntos:
Tags: Adicionar Tag
Sem tags, seja o primeiro a adicionar uma tag!
Thư viện lưu trữ: Mạng thư viện Đại học Đà Nẵng
LEADER 01172cam a2200325 i 4500
001 000047592
003 7282
005 20030306145010.0
008 010323|1996 vm 000 eng
020 |a 0471109541 
040 |a IRC  |c IRC  |d IRC 
041 0 |a eng 
082 1 4 |a 153.85  |b SA-E 
100 1 |a Sarafino, Edward P.,  |d 1940- 
245 0 0 |a Principles of behavior change :  |b understanding behavior modification techniques /  |c Edward P. Sarafino. 
260 |a New York :  |b John Wiley and Sons,  |c 1996. 
300 |a 578 p. ;  |c 23.5cm. 
520 3 |a This book is divided into six parts: Overview and Basic Issues; Methods of Changing Operant Behavior; Methods of Changing Emotional Behavior and Associations; Program Design and Evaluation; Advanced and Specialized Methods in Behavior Modification; Present and Future Issues for Behavior Modification. 
630 0 4 |a Behavior modification. 
650 0 4 |a Behavior modification. 
OWN |a DUT 
999 |a From the UDN01 
TYP |a Monograph 
TYP |a Printed language 
980 |a Mạng thư viện Đại học Đà Nẵng